00410nam a2200145Ia 4500020001800000082001800018100001900036245002800055260003400083300001500117650003700132650004300169650002900212650002300241 a9789384767877 a320.011 RAI-R aRoy, Ghanshyam 0aRajniti ke badalte ayam aPatnabJanaki Prakashanc2017 axxvi, 419p aBhartiya rajniti me kshetriyabad aChunav sudharvBhartiya chunav pranali aRajniti evam bharstachar aRajniti evam samaj